Départements français avec chef-lieux - Statistiques

Statistiques générales
  • Ce quiz a été pris 148 fois
  • Le résultat moyen est 61 sur 101
Statistiques - réponses
# Département Chef-lieu % Correct
01 Ain Bourg-en-Bresse
99%
02 Aisne Laon
97%
03 Allier Moulins
93%
20A Corse-du-Sud Ajaccio
93%
20B Haute-Corse Bastia
93%
06 Alpes-Maritimes Nice
91%
13 Bouches-du-Rhône Marseille
90%
14 Calvados Caen
89%
05 Hautes-Alpes Gap
89%
16 Charente Angoulême
87%
17 Charente Maritime La Rochelle
87%
21 Côte-d'Or Dijon
87%
22 Côtes-d'Armor Saint-Brieuc
87%
10 Aube Troyes
86%
04 Alpes-de-Haute-Provence Digne-les-Bains
85%
08 Ardennes Charleville-Mézières
85%
11 Aude Carcassonne
85%
19 Corrèze Tulle
85%
24 Dordogne Périgueux
85%
29 Finistère Quimper
85%
31 Haute-Garonne Toulouse
85%
07 Ardèche Privas
84%
09 Ariège Foix
84%
25 Doubs Besançon
84%
33 Gironde Bordeaux
84%
35 Ille-et-Vilaine Rennes
84%
28 Eure-et-Loir Chartres
83%
30 Gard Nîmes
83%
12 Aveyron Rodez
82%
15 Cantal Aurillac
82%
27 Eure Évreux
82%
34 Hérault Montpellier
82%
38 Isère Grenoble
82%
18 Cher Bourges
79%
26 Drôme Valence
78%
23 Creuse Guéret
77%
36 Indre Châteauroux
77%
37 Indre-et-Loire Tours
77%
44 Loire-Atlantique Nantes
77%
32 Gers Auch
76%
40 Landes Mont-de-Marsan
75%
42 Loire Saint-Étienne
74%
43 Haute-Loire Le Puy-en-Velay
71%
45 Loiret Orléans
71%
39 Jura Lons-le-Saunier
70%
51 Marne Châlons-en-Champagne
70%
47 Lot-et-Garonne Agen
69%
41 Loir-et-Cher Blois
68%
46 Lot Cahors
68%
50 Manche Saint-Lô
68%
59 Nord Lille
68%
52 Haute-Marne Chaumont
67%
49 Maine-et-Loire Angers
66%
54 Meurthe-et-Moselle Nancy
64%
56 Morbihan Vannes
64%
62 Pas-de-Calais Arras
64%
55 Meuse Bar-le-Duc
63%
48 Lozère Mende
62%
53 Mayenne Laval
62%
57 Moselle Metz
62%
58 Nièvre Nevers
62%
60 Oise Beauvais
62%
61 Orne Alençon
59%
63 Puy-de-Dôme Clermont-Ferrand
53%
68 Haut-Rhin Colmar
49%
64 Pyrénées-Atlantiques Pau
48%
67 Bas-Rhin Strasbourg
47%
66 Pyrénées Orientales Perpignan
47%
65 Hautes-Pyrénées Tarbes
46%
69 Rhône Lyon
46%
73 Savoie Chambéry
44%
75 Paris Paris
43%
72 Sarthe Le Mans
43%
74 Haute-Savoie Annecy
40%
76 Seine-Maritime Rouen
38%
78 Yvelines Versailles
37%
71 Saône-et-Loire Mâcon
34%
77 Seine-et-Marne Melun
33%
70 Haute-Saône Vesoul
32%
79 Deux-Sèvres Niort
29%
80 Somme Amiens
29%
83 Var Toulon
28%
90 Territoire de Belfort Belfort
26%
84 Vaucluse Avignon
26%
85 Vendée La Roche-sur-Yon
26%
86 Vienne Poitiers
25%
87 Haute-Vienne Limoges
24%
81 Tarn Albi
24%
82 Tarn-et-Garonne Montauban
23%
88 Vosges Épinal
23%
89 Yonne Auxerre
23%
92 Hauts-de-Seine Nanterre
22%
91 Essonne Évry
21%
93 Seine-Saint-Denis Bobigny
20%
974 La Réunion Saint-Denis
17%
94 Val-de-Marne Créteil
16%
95 Val-d'Oise Pontoise
16%
971 Guadeloupe Basse-Terre
15%
973 Guyanne Cayenne
15%
972 Martinique Fort-de-France
15%
976 Mayotte Dzaoudzi
15%
Aucun quiz correspondant
Distribution des résultats
% des personnes avec chaque résultat
Percentile par nombre de réponses
Votre historique - résultats
Vous n’avez pas pris ce quiz